|
|
|
|
| LEADER |
00000nab a2200000 a 4500 |
| 001 |
vtls008697377 |
| 003 |
SK-MaSNL |
| 005 |
20260304142358.0 |
| 008 |
250505c2006 xo |||||||||||000 b|slo |
| 015 |
|
|
|a SNBRB2006/05
|2 snkbucl
|
| 035 |
|
|
|a urn:nbn:sk:snk-ab87ys
|
| 035 |
|
|
|a (urnnbn)urn:nbn:sk:snk:ar-006pui
|
| 035 |
|
|
|a (uuid)f2b26ec9-4fcb-4cc8-8f35-4d01f3495f64
|
| 038 |
|
|
|a SNKBUCL
|
| 040 |
|
|
|a SNKBUCL
|b slo
|c SNKBUCL
|e AACR2
|
| 041 |
0 |
|
|a slo
|
| 044 |
|
|
|a xo
|c SK
|
| 080 |
|
|
|a 636.5:061.3
|2 1997
|
| 080 |
|
|
|a 637.54'6:061.3
|2 1997
|
| 100 |
1 |
|
|a Huba, Ján
|4 aut
|9 12201
|
| 245 |
1 |
0 |
|a Tradičné stretnutie hydinárov opäť na vysokej odbornej a spoločenskej úrovni
|c Ján Huba
|
| 300 |
|
|
|b Fotogr.
|
| 610 |
2 |
7 |
|a Únia hydinárov Slovenska
|2 snkbucl
|9 176333
|
| 648 |
|
7 |
|a 2005
|2 snkbucl
|9 305506
|
| 650 |
0 |
7 |
|a hydinárstvo
|2 snkbucl
|9 81673
|
| 650 |
0 |
7 |
|a hydina
|2 snkbucl
|9 2747
|
| 650 |
0 |
7 |
|a chov hospodárskych zvierat
|2 snkbucl
|9 2802
|
| 650 |
0 |
7 |
|a spracovanie živočíšnych produktov
|2 snkbucl
|9 86010
|
| 650 |
0 |
7 |
|a semináre
|2 snkbucl
|9 18562
|
| 651 |
|
7 |
|a Štrbské Pleso (Štrba, Slovensko)
|2 snkbucl
|9 174790
|
| 773 |
0 |
|
|t Slovenský chov
|g Roč. XI, č. 1 (2006), s. 6
|x 1335-1990
|
| 850 |
|
|
|a Slovenská národná knižnica
|
| 852 |
|
|
|a Slovenská národná knižnica
|
| 954 |
|
|
|a odborná, vedecká literatúra pôvodná (slovenská)
|2 lita
|
| 958 |
|
|
|a article9
|
| 958 |
|
|
|a OND
|
| 958 |
|
|
|a SK
|
| 958 |
|
|
|a EUIPO
|
| 999 |
|
|
|c 2920959
|d 2922889
|